| 000 | 01079cam a22003131 4500 | ||
|---|---|---|---|
| 001 | 24763 | ||
| 003 | BD-RjUL | ||
| 005 | 20211209001109.0 | ||
| 008 | 140315s19671966nyu 001 0beng | ||
| 035 | _a(BD-RjUL)24832 | ||
| 040 |
_aDLC _cDLC _dDLC _dBD-RjUL _beng |
||
| 041 | _aeng | ||
| 082 | 0 | 0 |
_a942.0810924 _bHAG 1967 |
| 100 | 1 |
_aHammond, J. L. _q(John Lawrence), _d1872-1949. _99242 |
|
| 245 | 1 | 0 |
_aGladstone and liberalism / _cby J. L. Hammond and M. R. D. Foot. |
| 250 | _a2nd ed. | ||
| 260 |
_aLondon : _bCollier Books, _cc1966 [1967]. |
||
| 300 |
_a180 p. ; _c18 cm. |
||
| 500 | _a"Note on books": p. 167-168. | ||
| 504 | _aIncludes index. | ||
| 600 | 1 | 0 |
_aGladstone, W. E. _q(William Ewart), _d1809-1898. _976232 |
| 610 | 2 | 0 |
_aLiberal Party (Great Britain) _976233 |
| 650 | 0 |
_aLiberalism _zGreat Britain _xHistory _y19th century. _976230 |
|
| 651 | 0 |
_aGreat Britain _xPolitics and government _y1837-1901. _910732 |
|
| 700 | 1 |
_aFoot, M. R. D. _q(Michael Richard Daniell), _d1919-2012. _976231 |
|
| 942 |
_2ddc _cBK |
||
| 999 |
_c24763 _d24763 |
||